| 000 | 00745cam a22002294a 4500 | ||
|---|---|---|---|
| 999 |
_c16577 _d16577 |
||
| 003 | OSt | ||
| 005 | 20190522114100.0 | ||
| 008 | 030213s2003 enka b 001 0 eng | ||
| 020 | _a0333998596 (hbk.) | ||
| 040 | _aseku | ||
| 050 | 0 | 0 |
_aHG 6024 .A3 _bM663 |
| 100 | 1 | _aMoosa, Imad A. | |
| 245 | 1 | 0 |
_aInternational financial operations : _barbitrage, hedging, speculation, financing, and investment / _cImad A. Moosa. |
| 260 |
_aHoundmills, Basingstoke ; _aNew York : _bPalgrave Macmillan, _c2003. |
||
| 300 |
_axxii, 362 p. : _bill. ; |
||
| 504 | _aIncludes bibliographical references (p. 341-356) and index. | ||
| 650 | 0 | _aArbitrage. | |
| 650 | 0 | _aHedging (Finance) | |
| 650 | 0 | _aSpeculation. | |
| 650 | 0 | _aInvestments, | |
| 942 |
_2lcc _cGEN |
||